ANDAINYA BUKAN UNTUKKU / (Record no. 180008)

MARC details
000 -LEADER
fixed length control field 00987nam a2200301 i 4500
001 - CONTROL NUMBER
control field vtls000695310
003 - CONTROL NUMBER IDENTIFIER
control field PNM
005 - DATE AND TIME OF LATEST TRANSACTION
control field 20250324124943.0
008 - FIXED-LENGTH DATA ELEMENTS--GENERAL INFORMATION
fixed length control field 121109s2013 my er 000 f may
015 ## - NATIONAL BIBLIOGRAPHY NUMBER
National bibliography number M13-03351
020 ## - INTERNATIONAL STANDARD BOOK NUMBER
International Standard Book Number 9789675067419
Terms of availability RM22.00
Qualifying information paperback
039 #9 - LEVEL OF BIBLIOGRAPHIC CONTROL AND CODING DETAIL [OBSOLETE]
Level of rules in bibliographic description 201304011141
Level of effort used to assign nonsubject heading access points aidayas
Level of effort used to assign subject headings 201303271055
Level of effort used to assign classification nooraini
Level of effort used to assign subject headings 201303151057
Level of effort used to assign classification ety
Level of effort used to assign subject headings 201303010921
Level of effort used to assign classification manoriah
040 ## - CATALOGING SOURCE
Original cataloging agency BNM
Transcribing agency PNM
Language of cataloging eng
Modifying agency PPAK
Description conventions rda
049 ## - LOCAL HOLDINGS (OCLC)
Holding library klpmal
082 04 - DEWEY DECIMAL CLASSIFICATION NUMBER
Classification number 899.2333
Edition number 22
090 00 - LOCALLY ASSIGNED LC-TYPE CALL NUMBER (OCLC); LOCAL CALL NUMBER (RLIN)
Classification number (OCLC) (R) ; Classification number, CALL (RLIN) (NR) 899.2333
Feature heading SYA
Feature heading G
100 0# - MAIN ENTRY--PERSONAL NAME
Personal name Sya Ryanna,
Relator term author.
245 10 - TITLE STATEMENT
Title ANDAINYA BUKAN UNTUKKU /
Statement of responsibility, etc. sya ryanna ; Editor: Jabatan Editorial PKNSB
264 #1 - PRODUCTION, PUBLICATION, DISTRIBUTION, MANUFACTURE, AND COPYRIGHT NOTICE
Place of production, publication, distribution, manufacture Kuala Lumpur :
Name of producer, publisher, distributor, manufacturer Penerbitan Kaki Novel,
Date of production, publication, distribution, manufacture, or copyright notice [2013]
300 ## - PHYSICAL DESCRIPTION
Extent iii, 623 pages ;
Dimensions 19 cm
336 ## - CONTENT TYPE
Content type term text
Source rdacontent
337 ## - MEDIA TYPE
Media type term unmediated
Source rdamedia
338 ## - CARRIER TYPE
Carrier type term volume
Source rdacarrier
650 14 - SUBJECT ADDED ENTRY--TOPICAL TERM
Topical term or geographic name entry element Malaysian fiction (Malay)
Topical term or geographic name entry element Malay fiction
710 2# - ADDED ENTRY--CORPORATE NAME
Corporate name or jurisdiction name as entry element Jabatan Editorial PKNSB,
Relator term editor.
942 ## - ADDED ENTRY ELEMENTS (KOHA)
Source of classification or shelving scheme Dewey Decimal Classification
Koha item type Book
Holdings
Withdrawn Not for loan Current library Shelving location Date acquired Full call number Barcode Date last seen Koha item type Total Checkouts Date last checked out
    Perpustakaan Alor Setar Pinjaman Dewasa 07/04/2025 899.2333 SYA A00748684 12/02/2026 Book 2 15/01/2026
    Perpustakaan Kuala Kedah Pinjaman Dewasa 26/11/2020 899.2333 SYA A00740051 26/11/2020 Book